<?xml version="1.0" encoding="UTF-8"?>
<record
    xmlns:xsi="http://www.w3.org/2001/XMLSchema-instance"
    xsi:schemaLocation="http://www.loc.gov/MARC21/slim http://www.loc.gov/standards/marcxml/schema/MARC21slim.xsd"
    xmlns="http://www.loc.gov/MARC21/slim">

  <leader>01611nam a2200373Ia 4500</leader>
  <controlfield tag="001">Z_6495</controlfield>
  <controlfield tag="003">CHAP</controlfield>
  <controlfield tag="008">220113s1986    xx            000 0 und d</controlfield>
  <datafield tag="010" ind1=" " ind2=" ">
    <subfield code="a">169760</subfield>
  </datafield>
  <datafield tag="020" ind1=" " ind2=" ">
    <subfield code="a">968-884-007-6</subfield>
  </datafield>
  <datafield tag="040" ind1=" " ind2=" ">
    <subfield code="c">CHAP</subfield>
  </datafield>
  <datafield tag="082" ind1=" " ind2=" ">
    <subfield code="a">338.1 K34</subfield>
  </datafield>
  <datafield tag="100" ind1=" " ind2=" ">
    <subfield code="a">Kaerger, Karl, 1858 -1903</subfield>
    <subfield code="9">144955</subfield>
  </datafield>
  <datafield tag="240" ind1=" " ind2=" ">
    <subfield code="a">Landwirtschaft und kolonisation im spanischen amerika</subfield>
  </datafield>
  <datafield tag="245" ind1=" " ind2=" ">
    <subfield code="a">Agricultura y colonizacion en M&#xE9;xico en 1900  /</subfield>
    <subfield code="c">Karl kaerger ; traducci&#xF3;n de Pedro Lewin y Gudrun Dohrmann ; introducci&#xF3;n Roberto Melville ; responsable de vers&#xED;&#xF3;n en espa&#xF1;ol Teresa Rojas Rabiela... [et.al.]</subfield>
  </datafield>
  <datafield tag="260" ind1=" " ind2=" ">
    <subfield code="a">M&#xE9;xico  :</subfield>
    <subfield code="b">UACh  :,</subfield>
    <subfield code="b">Centro de Investigaciones y Estudios Superiores en Antopol&#xF3;gia Social,</subfield>
    <subfield code="c">1986</subfield>
  </datafield>
  <datafield tag="300" ind1=" " ind2=" ">
    <subfield code="a">349 p.</subfield>
  </datafield>
  <datafield tag="500" ind1=" " ind2=" ">
    <subfield code="a">Traduccion de : landwirtschaft und kolonisation im spanischen amerika \ Cuidado de la edici&#xF3;n: Benjam&#xED;n Araujo \ Fotograf&#xED;a: Pedro Rojas \ Dise&#xF1;o de portada: Fernando Rodr&#xED;guez</subfield>
  </datafield>
  <datafield tag="503" ind1=" " ind2=" ">
    <subfield code="a">ej.1: donaci&#xF3;n 2014</subfield>
  </datafield>
  <datafield tag="504" ind1=" " ind2=" ">
    <subfield code="a">incluye &#xED;ndice</subfield>
  </datafield>
  <datafield tag="650" ind1=" " ind2=" ">
    <subfield code="a">Agricultura </subfield>
    <subfield code="x"></subfield>
    <subfield code="x"> Aspectos econ&#xF3;micos </subfield>
    <subfield code="x"></subfield>
    <subfield code="x"> Historia</subfield>
    <subfield code="9">144956</subfield>
  </datafield>
  <datafield tag="650" ind1=" " ind2=" ">
    <subfield code="a">Agricultura </subfield>
    <subfield code="x"></subfield>
    <subfield code="x"> Historia </subfield>
    <subfield code="x"></subfield>
    <subfield code="x"> M&#xE9;xico </subfield>
    <subfield code="9">144957</subfield>
  </datafield>
  <datafield tag="700" ind1=" " ind2=" ">
    <subfield code="a"> Dohrmann, Gudrun, tr. </subfield>
    <subfield code="9">144958</subfield>
  </datafield>
  <datafield tag="700" ind1=" " ind2=" ">
    <subfield code="a"> Melville, Roberto, pr&#xF3;l. </subfield>
    <subfield code="9">144959</subfield>
  </datafield>
  <datafield tag="700" ind1=" " ind2=" ">
    <subfield code="a"> Rojas Rabiela, Teresa, rep. ver. espa&#xF1;ol</subfield>
    <subfield code="9">144960</subfield>
  </datafield>
  <datafield tag="700" ind1=" " ind2=" ">
    <subfield code="a">Lewin, Pedro, tr. </subfield>
    <subfield code="9">144961</subfield>
  </datafield>
  <datafield tag="710" ind1=" " ind2=" ">
    <subfield code="a">Universidad Aut&#xF3;noma Chapingo \ Centro de Investigaciones y Estudios Superiores en Antropolog&#xED;a Social (M&#xE9;xico)</subfield>
    <subfield code="9">144962</subfield>
  </datafield>
  <datafield tag="901" ind1=" " ind2=" ">
    <subfield code="a">338.1 K34</subfield>
  </datafield>
  <datafield tag="902" ind1=" " ind2=" ">
    <subfield code="a">M</subfield>
  </datafield>
  <datafield tag="910" ind1=" " ind2=" ">
    <subfield code="a">1986</subfield>
  </datafield>
  <datafield tag="942" ind1=" " ind2=" ">
    <subfield code="c">1</subfield>
  </datafield>
  <datafield tag="942" ind1=" " ind2=" ">
    <subfield code="c">c1</subfield>
  </datafield>
  <datafield tag="999" ind1=" " ind2=" ">
    <subfield code="c">169760</subfield>
    <subfield code="d">169760</subfield>
  </datafield>
  <datafield tag="952" ind1=" " ind2=" ">
    <subfield code="0">0</subfield>
    <subfield code="1">0</subfield>
    <subfield code="2">ddc</subfield>
    <subfield code="4">0</subfield>
    <subfield code="7">0</subfield>
    <subfield code="8">GRAL</subfield>
    <subfield code="a">Z</subfield>
    <subfield code="b">Z</subfield>
    <subfield code="c">1</subfield>
    <subfield code="d">2014-10-20</subfield>
    <subfield code="p">z_6374</subfield>
    <subfield code="r">2022-01-18 00:00:00</subfield>
    <subfield code="t">1</subfield>
    <subfield code="w">2022-01-18</subfield>
    <subfield code="y">LIBRO</subfield>
  </datafield>
</record>
